<?xml version="1.0" encoding="UTF-8"?>
<record
    xmlns:xsi="http://www.w3.org/2001/XMLSchema-instance"
    xsi:schemaLocation="http://www.loc.gov/MARC21/slim http://www.loc.gov/standards/marcxml/schema/MARC21slim.xsd"
    xmlns="http://www.loc.gov/MARC21/slim">

  <leader>     nam a22     7a 4500</leader>
  <datafield tag="999" ind1=" " ind2=" ">
    <subfield code="c">330370</subfield>
    <subfield code="d">330370</subfield>
  </datafield>
  <controlfield tag="003">NUST</controlfield>
  <controlfield tag="005">20170622150621.0</controlfield>
  <controlfield tag="008">170622b        xxu||||| |||| 00| 0 eng d</controlfield>
  <datafield tag="020" ind1=" " ind2=" ">
    <subfield code="a">9781784537531</subfield>
  </datafield>
  <datafield tag="040" ind1=" " ind2=" ">
    <subfield code="a">0</subfield>
    <subfield code="c">0</subfield>
  </datafield>
  <datafield tag="082" ind1=" " ind2=" ">
    <subfield code="a">327.54009051</subfield>
    <subfield code="b">SOU 2017</subfield>
  </datafield>
  <datafield tag="245" ind1="0" ind2="0">
    <subfield code="a">South Asia and the Great Powers</subfield>
    <subfield code="b">International Relations and Regional Security</subfield>
    <subfield code="c">editor Sten Rynning </subfield>
  </datafield>
  <datafield tag="260" ind1=" " ind2=" ">
    <subfield code="a">London</subfield>
    <subfield code="b"> I.B.Tauris</subfield>
    <subfield code="c">2017</subfield>
  </datafield>
  <datafield tag="300" ind1=" " ind2=" ">
    <subfield code="a">320 p</subfield>
    <subfield code="c">25cm</subfield>
  </datafield>
  <datafield tag="500" ind1=" " ind2=" ">
    <subfield code="a">Photocopy book</subfield>
  </datafield>
  <datafield tag="501" ind1=" " ind2=" ">
    <subfield code="a">Photocopy book</subfield>
  </datafield>
  <datafield tag="505" ind1=" " ind2=" ">
    <subfield code="a">Foreign policy change in Pakistan: Uncertain Operations By Tughral Yamin</subfield>
  </datafield>
  <datafield tag="520" ind1=" " ind2=" ">
    <subfield code="a">In the wake of the international combat mission in Afghanistan, South Asia's security is becoming a factor of increasing importance both to local and more distant great powers: Pakistan, India, Iran, China and the US. Where the implications of war and peace are open to question, the possibility of change depends more on politics than economics. This book asks whether the region's great powers can overcome opposing interests and commit to political restraint. The concept of regional security is based on great power support for regional order. However, there are many pitfalls to consider: notably, the politics of contested nationalisms; the Asia-Pacific rivalry of China and the US; and India's inclinations to function-or be seen-as a benevolent hegemon for the region. Yet there are signs of renewed determination to move the region in new directions. While China's Silk Road projects are long-term regional investments that hinge on regional stability, the US is attempting to fashion new partnerships and India strives to reconcile regional differences to promote a peaceful environment. This book, as it sets out the emerging agendas of the great powers and local powers, makes a significant contribution to a better understanding of the international relations and diplomatic politics of South Asia.</subfield>
  </datafield>
  <datafield tag="650" ind1=" " ind2=" ">
    <subfield code="a"> South Asia -- Foreign relations -- 21st century. Diplomatic relations. South Asia.</subfield>
    <subfield code="9">3123</subfield>
  </datafield>
  <datafield tag="942" ind1=" " ind2=" ">
    <subfield code="2">ddc</subfield>
    <subfield code="c">BK</subfield>
  </datafield>
  <datafield tag="952" ind1=" " ind2=" ">
    <subfield code="0">0</subfield>
    <subfield code="1">0</subfield>
    <subfield code="2">ddc</subfield>
    <subfield code="4">0</subfield>
    <subfield code="7">0</subfield>
    <subfield code="8">NFIC</subfield>
    <subfield code="a">CIPS</subfield>
    <subfield code="b">CIPS</subfield>
    <subfield code="c">GEN</subfield>
    <subfield code="d">2017-04-11</subfield>
    <subfield code="l">0</subfield>
    <subfield code="o">327.54009051 SOU 2017</subfield>
    <subfield code="p">CIPS0002869</subfield>
    <subfield code="r">2017-06-22</subfield>
    <subfield code="w">2017-06-22</subfield>
    <subfield code="y">BK</subfield>
  </datafield>
</record>
